000 00503nam a2200193Ia 4500
003 GCL
008 140319s9999 xx 000 0 eng d
040 _aGCL /
_cGCL
082 0 4 _a337.52056
_bS J
100 1 _aSUGIHARA, KAORU
245 1 0 _aJAPAN IN THE CONTEMPORARY MIDDLE EAST /
_cSUGIHARA, KAORU
700 1 _aALLAN, J.A.
260 _a[S.N] :
_bROUTLEDGE ،
_c1993
300 _a191 P
650 0 4 _aECONOMIC RELATIONS, FOREIGN
650 0 4 _aJAPAN
650 0 4 _aMIDDLE EAST
942 _2ddc
_cBK
999 _c13771
_d13771